[Event "Match/Nation DDR-HUN (4-4) (5-3)"]
[Site "Zinnowitz"]
[Date "1980.10.15"]
[Round "2.2"]
[White "Groszpeter, Attila"]
[Black "Vogt, Lothar"]
[Result "1-0"]
[WhiteElo "2480"]
[BlackElo "2510"]
[Annotator "Gagarin,V"]
[PlyCount "73"]
[EventDate "1980.10.14"]
[EventType "team-match"]
[EventRounds "2"]
[EventCountry "DDR"]
[SourceTitle "MCL"]
[Source "ChessBase"]
[SourceDate "1999.07.01"]
[SourceVersion "1"]
[SourceVersionDate "1999.07.01"]
[SourceQuality "1"]

1. e4 c5 2. Nc3 e6 3. g3 Nc6 (3... d5) 4. Bg2 g6 5. d3 Bg7 6. Be3 d6 7. Qd2
Nge7 8. Nge2 Nd4 9. O-O O-O 10. Rae1 b6 (10... Nec6 11. Nd1 (11. Nc1 Nb4 12.
Bxd4 cxd4 13. N3e2 Nc6 14. c4 dxc3 15. bxc3 b5 $15 {Knoppert,E-Atalik,S/
Tilburg/1993/0:1/29/}) 11... Qa5 12. Qxa5 Nxa5 13. Nxd4 cxd4 14. Bd2 Nc6 15. c4
$5 $10 {Polugaevsky/} (15. f4 Bd7 16. Bf3 a5 $1 17. Nf2 Rfc8 $15 {Pokojowczyk,
J-Polugaevsky,L/Sochi/1976/0:1/40/})) (10... Rb8 11. Nc1 $1 (11. Nd1 b5 12. c3
(12. Nc1 $5) 12... Nxe2+ 13. Rxe2 b4 $15 {Vykydal,F-Ftacnik,L/CSR-ch/1982/0:1/
43/}) (11. f4 b5 12. g4 b4 13. Nd1 f5 $1 $15) 11... b6 (11... e5 12. f4 f5 13.
fxe5 dxe5 14. exf5 gxf5 15. Nb3 b6 16. Bh6 Qd6 17. Bxg7 Kxg7 18. Nxd4 cxd4 19.
Nb5 Qc5 20. a4 a5 21. Qe2 Ng6 22. h4 $36 {Zaitsev,I-Ghitescu,T/Sochi/1979/1:0/
32/}) 12. Nd1 e5 13. c3 Ndc6 14. a3 d5 15. exd5 Nxd5 16. Bh6 a5 17. Bxg7 Kxg7
18. Ne3 Nxe3 19. Qxe3 $14 {Zaitsev,I-Spassov,L/Sochi/1980/}) 11. e5 (11. Nc1 $5
{/\ Nd1,c3}) 11... Nxe2+ $6 (11... Rb8 $5 12. exd6 (12. Bxd4 cxd4 13. Nxd4 dxe5
14. Nf3 Nc6 $15) (12. Nxd4 cxd4 13. Bxd4 Nf5 14. Ne2 dxe5 15. Bc3 Nd4 $15)
12... Qxd6 (12... Nef5 13. Bf4 Bb7 $13 {/\ e5}) 13. Ne4 Qc7 14. Bh6 f6 $13 {
/\ e5}) 12. Rxe2 d5 (12... Rb8 $2 13. exd6 Qxd6 (13... Nf5 14. Bf4 $16) 14. Nb5
Qd7 15. Bf4 e5 16. Rxe5 $1 Bxe5 17. Bxe5 Rb7 18. Bxb7 (18. Nd6 Nc6 19. Bf4 g5
$1 $13) 18... Bxb7 19. Nc3 Qc6 20. f3 $16) 13. Bg5 Qd7 14. Bf6 $14 Bb7 (14...
Rb8 $5 {/\ b5-b4,Ba6}) 15. g4 Rfe8 16. Qf4 (16. Bxg7 $5 Kxg7 17. f4 $14) 16...
Bf8 17. Qg3 b5 18. f4 b4 19. Nb1 c4 20. Nd2 (20. d4 c3 $1 {/\ Ba6}) 20... cxd3
21. cxd3 Rac8 22. Nb3 d4 $5 23. Bxb7 Qxb7 24. Bxe7 Bxe7 25. Qf3 $1 Qa6 $5 (
25... Qxf3 26. Rxf3 Bc5 (26... Rc7 27. Rff2 Rec8 28. Kg2 $16 {>< d4}) 27. Rc2
Bb6 28. Rff2 a5 (28... Kf8 29. Kg2 Ke7 30. Kf3 Kd7 31. Ke4 $16) 29. Kg2 a4 30.
Na1 $1 Kf8 31. Kf3 Ke7 32. Ke4 Kd7 33. Rxc8 Rxc8 34. Rc2 $16) (25... Qd7 26.
Rg2 $36 {/\ f5}) 26. f5 $1 Qxa2 27. Nd2 $5 $44 (27. fxg6 fxg6 28. Qf7+ Kh8 $13)
27... Kh8 (27... Qxb2 $2 28. fxe6 fxe6 29. Ne4 Qb3 30. Qf7+ Kh8 31. Nd6 Bxd6
32. exd6 $18) 28. Ne4 exf5 29. gxf5 gxf5 30. Qxf5 Rg8+ 31. Ng3 Bh4 $2 (31...
Rg7 32. Kh1 (32. e6 $5 $36) 32... Qe6 33. Qxe6 fxe6 34. Nh5 $36) (31... Qe6 $1
32. Qxf7 Qxf7 33. Rxf7 Rg7 $14) 32. e6 $1 $18 fxe6 $2 (32... Bxg3 33. exf7 $18)
(32... f6 $8 33. Rf4 Bg5 (33... Bxg3 34. Qxf6+ Rg7 35. Rg4 Rcg8 36. e7 $18) 34.
Rxd4 $18 {/\ h4, /\ Rd7}) 33. Qe5+ $1 Rg7 34. Rf7 Rcg8 35. Rxg7 Rxg7 36. Rf2
Be7 37. Rf7 (37. Rf7 Qb1+ 38. Kg2 Qc2+ 39. Kh3 $18) 1-0

[Event "Munich SKA"]
[Site "Munich"]
[Date "1991.05.14"]
[Round "9"]
[White "Yudasin, Leonid"]
[Black "Gelfand, Boris"]
[Result "0-1"]
[WhiteElo "2645"]
[BlackElo "2700"]
[Annotator "Gelfand,B"]
[PlyCount "80"]
[EventDate "1991.05.04"]
[EventType "tourn"]
[EventRounds "13"]
[EventCountry "GER"]
[EventCategory "14"]
[SourceTitle "CBM 023"]
[Source "ChessBase"]
[SourceDate "1991.08.01"]
[SourceVersion "1"]
[SourceVersionDate "1991.08.01"]
[SourceQuality "1"]

1. e4 c5 2. Nc3 d6 3. g3 g6 4. d3 Bg7 5. Be3 Nc6 6. Bg2 Rb8 {In:Gelfand,
B-Vladimirov,E/Moscow GMA/1990/ -> TD  ->inf.49/34 spielte ich diese Stellung
mit vertauschten Farben.} 7. Qd2 b5 8. Nge2 $6 (8. Nd1 $5 b4 9. f4 a5 (9... Nd4
10. c3 $14) 10. Nf3 a4 $13) (8. f4 Nd4 9. Nd1 e5 $5) 8... Nd4 9. O-O b4 10. Nd1
a5 11. c3 $1 {Dies ist besser als der Plan, sich den Ne2 mittels 11.Nc1 zu
erhalten, den Vladimirov (11...Nc8) wählte.} Nxe2+ 12. Qxe2 Ba6 $1 13. Re1 $6 {
Besser sofort 13.f4 mit der Idee Nd1-f2, c3-c4 und Angriff am Königsflügel.}
Nf6 {Besser ist 13...e6, 14...Nge7, um den weissen Vorstoss f4-f5 zu stoppen
und den auf den Weg Ne7-c6-d4 schicken.} 14. f4 O-O 15. Nf2 a4 $6 (15... bxc3
$1 16. bxc3 a4 {/\ Qd8-a5. Die Öffnung der b-Linie verbessert die schwarzen
Aussichten, die am Damenflügel liegen.}) 16. c4 $1 {Weiss nutzt die schwarze
Ungenauigkeit (15...a4) zur Abriegelung des Damen- Flügels.} (16. g4 a3 $1 {
/^a1-h8} 17. cxb4 axb2 18. Rab1 Rxb4 {/\Qb6,Rb8 -/+}) 16... Nd7 (16... a3 $2
17. b3) 17. Rab1 b3 $1 {><b2} 18. a3 Rc8 $5 {/\ Nb8-c6-d4} (18... Rb6 $1 {
Im Blick auf die Partiefortsetzung (22...Tb8) genauer.}) 19. h4 Nb8 20. f5 Nc6
21. Rf1 Nd4 22. Qg4 Rb8 $1 {/\Bc8, der weissfeldrige Läufer übernimmt
Verteidigungsaufgaben am Königsflügel vgl. Anmerkung zu 18...Rc8/ 18...Rb6} 23.
Nh3 Bc8 24. Kh2 (24. Ng5 $5 {Provoziert schwächende Bauernzüge}) 24... Qd7 $1 {
Um Gegenspiel gegen f5 zu erhalten.} 25. Bxd4 $6 (25. h5 $2 gxf5 26. exf5 Nxf5
27. h6 Nxh6 $1 $19) (25. Qd1 $1 gxf5 26. Bxd4 Bxd4 27. exf5 $1 $16) 25... Bxd4
26. h5 Qe8 27. hxg6 fxg6 28. Ng5 h6 29. Nf3 (29. Ne6 Bxe6 30. fxe6 Rf6 $1 (
30... Rxf1 31. Rxf1 Bxb2 32. Rf7 Qxf7 33. exf7+ Kxf7 $14 {/\ e4-e5}) 31. Rxf6
exf6 $1) (29. Nh3 g5 30. Nf4 Kh8 31. Ng6+ $4 Qxg6 $1) 29... Bf6 {/\ g6-g5,
h6-h5} 30. Rh1 (30. Qxg6+ Qxg6 31. fxg6 Kg7 {-/+/-+ ^^,><b2 _|_}) 30... Kg7 31.
Kg1 g5 32. Kf2 {Mit Remisangebot, was ich zu recht ablehnte - aber...} e6 $2 {
Sollte direkt zum Verlust führen} (32... Rh8 {/\ e7-e6 =/+} 33. Qh3 e6 34. g4
$15) 33. e5 $1 (33. Rh5 {/\->B} exf5 34. exf5 Bxf5 $19) (33. Rh2 Rh8 {/\h5 -+})
(33. Rxh6 exf5 34. exf5 Kxh6 35. Rh1+ Kg7 36. Nxg5 Bd4+ $1) 33... dxe5 (33...
exf5 34. exf6+ Rxf6 35. Qh5 $18) 34. Rxh6 $1 Kxh6 (34... exf5 35. Qh3 g4 36.
Rh7+ Kg8 37. Qh6 gxf3 38. Bxf3 e4 39. Bh5 $18) 35. Rh1+ $2 {Naheliegend, aber
falsch.} (35. Nxg5 $1 {Das hatten wir beide übersehen. Gewinnt sofort.} Qh5 (
35... Kg7 {(!)} 36. Ne4+ Kf7 37. Nd6+ Ke7 38. Nxe8 exf5 39. Qh5 $18) 36. Rh1
Qxh1 37. Nf7+ $1) 35... Kg7 36. Nxg5 exf5 37. Rh7+ Kg8 38. Bd5+ Be6 39. Rg7+ (
39. Qh3 Bxg5 40. Rh8+ (40. Rc7 Rf7 $19) 40... Kg7 $1 41. Rh7+ Kf6 42. Rh6+ Bxh6
43. Qxh6+ Qg6 $19) 39... Bxg7 40. Qh3 Rf6 0-1

[Event "YUG-ch"]
[Site "Tivat"]
[Date "1994.??.??"]
[Round "7"]
[White "Lazic, Miroljub"]
[Black "Ilincic, Zlatko"]
[Result "0-1"]
[WhiteElo "2505"]
[BlackElo "2530"]
[Annotator "Hansen,Cu"]
[PlyCount "94"]
[EventDate "1994.03.??"]
[EventType "tourn"]
[EventRounds "13"]
[EventCountry "YUG"]
[EventCategory "10"]
[SourceTitle "CBM 043"]
[Source "ChessBase"]
[SourceDate "1994.12.01"]
[SourceVersion "1"]
[SourceVersionDate "1994.12.01"]
[SourceQuality "1"]

1. e4 c5 2. Nc3 Nc6 3. g3 g6 4. Bg2 Bg7 5. d3 d6 6. Be3 Nd4 7. Qd2 Qa5 8. f4
Bd7 (8... e6 9. Nh3 (9. Nf3 Ne7 10. O-O Nec6 (10... O-O 11. h3 Bd7 12. a3 Qc7
$10 {Bartsch,B-Meyer,H/BL/1983/}) (10... Rb8 11. Nh4 f5 12. h3 O-O 13. g4 $13 {
Zbikowsky,W-Bauer,P/BL/1984/}) (10... Bd7 11. a3 (11. Qf2 Nec6 12. Nh4 O-O 13.
g4 Qd8 $15 {Backwinckel,P-Gheorghiu,F/Hamburg/1984/}) 11... Rc8 $10 {Valdes,
M-Danailov,S/Candas op/1992/}) 11. Ne1 (11. Nh4 f5 12. Qd1 O-O 13. Nb1 Qb6 14.
Bc1 c4 $17 {Fritsche,L-Tischbierek,R/BL/1993/}) 11... O-O 12. Nd1 Qa6 $15 {
Martin,A-Serper,G/Hastings Challengers/1990/}) (9. Nge2 Ne7 10. Nc1 Nec6 11.
O-O O-O 12. Qf2 f5 13. Nd1 fxe4 14. dxe4 Ne5 $15 {Backwinkel,P-Ostermeyer,P/BL/
1984/}) 9... Ne7 10. O-O Bd7 (10... Qb6 11. Nd1 $14 {Yudasin,L-Dzhandzhava,L/
Lvov/1987/}) 11. Rae1 f5 (11... Nec6 12. f5 Ne5 13. a3 gxf5 14. exf5 Nxf5 15.
b4 cxb4 16. Ne4 Qc7 17. Bg5 $40 {Kuksov,V-Agamaliev,G/Moscow op/1991/}) 12. e5
Qc7 13. exd6 Qxd6 14. Nb1 $14 {Conquest,S-Cvitan,O/Forli op/1992/}) (8... Nf6
9. h3 Rb8 10. Nf3 Nxf3+ 11. Bxf3 b5 12. Bg2 b4 13. Nd1 Nd7 14. O-O f5 15. exf5
gxf5 16. Bf2 $14 {Ronin,V-Serper,G/Novosibirsk/1989/}) (8... Rb8 9. Nge2 (9.
Nf3 b5 10. Nxd4 cxd4 11. Ne2 Qb6 12. Bf2 Bg4 13. O-O b4 14. h3 Bxe2 15. Qxe2
$14 {Carton,P-Roos,T/2.BLW/1993/}) 9... Nxe2 10. Qxe2 Bxc3+ 11. bxc3 Qxc3+ 12.
Kf2 f5 $17 {Radovici,C-Suba,M/Romania/1983/}) (8... Nh6 9. h3 f5 10. Nf3 O-O
11. O-O Nf7 $13 {Lurje,P-Lau,R/Bad Ragaz op/1994/} (11... Bd7 12. a3 Rac8 13.
Rae1 e6 $10 {Franke,J-Ostermeyer,P/BL/1988/})) 9. Nf3 (9. Rb1 e6 10. Nh3 Ne7
11. O-O Nec6 12. a3 O-O 13. Qf2 f5 $15 {Grochot,Z-Ciemniak,R/Wisla BES/1992/})
9... e6 10. Bf2 Ne7 (10... Nxf3+ 11. Bxf3 Ne7 12. d4 $14) 11. Nxd4 (11. O-O
Nec6 $13) 11... cxd4 12. Ne2 Qxd2+ 13. Kxd2 Nc6 14. g4 {/\ 14. - e5 15.f5} (14.
a3 e5 $15) 14... O-O 15. h4 (15. c3 $5 dxc3+ 16. bxc3 $13) 15... Rfc8 16. h5
Rc7 17. hxg6 (17. h6 Bh8 18. g5 Rac8 $132 {/\Nb4} (18... f6 19. Nxd4 $16) (
18... e5 19. Bh3 $14 {/\f4-f5})) 17... hxg6 18. Rac1 Rac8 19. a3 $6 a5 20. Bg3
b5 21. c3 $2 dxc3+ 22. bxc3 a4 $17 {><b3} 23. Rh2 Na5 24. Rch1 Nb3+ 25. Ke3 d5
{עe3} 26. e5 (26. exd5 exd5 27. Bxd5 Bxg4 $17) 26... f6 $2 (26... Rxc3 $1 27.
Nxc3 d4+ 28. Ke2 dxc3 $19) 27. exf6 Bxf6 28. Bh4 Bg7 29. f5 $13 gxf5 30. gxf5
Rf8 31. f6 (31. fxe6 Bxe6 {/\Re8,Rf7 עe3}) 31... Rxf6 $8 (31... Bxf6 32. Bxf6
Rxf6 33. Rh8+ Kf7 34. R1h7+ Kg6 35. Nf4+ $16) 32. Bxf6 Bxf6 33. Bh3 Kf7 34. d4
(34. Rf1 Ke7 35. d4 (35. Rg2 Bxc3 $15) 35... Bg5+ 36. Kd3 (36. Kf2 Nd2 $17)
36... b4 $17) 34... Bg5+ 35. Kd3 b4 36. axb4 Bb5+ 37. Kc2 Bxe2 38. Bxe6+ $1 (
38. Rxe2 $2 Nxd4+ 39. Kd3 Nxe2 40. Kxe2 Rxc3 $19) 38... Kg6 (38... Kxe6 39.
Rxe2+ $13) 39. Bxd5 $2 (39. Rxe2 $10 Nxd4+ 40. Kd3 Nxe2 41. Kxe2 Rxc3 42. Bxd5
$10) 39... Nxd4+ 40. Kb2 a3+ $1 41. Kxa3 Rxc3+ 42. Kb2 Rc2+ 43. Kb1 Rd2 44.
Be4+ Kf6 45. Rh8 Nb5 46. Rc8 $2 (46. R1h3 $15) 46... Na3+ 47. Ka1 Be3 0-1

[Event "Tel Aviv ASA"]
[Site "Tel Aviv"]
[Date "1996.??.??"]
[Round "2"]
[White "Uritzky, Maxim"]
[Black "Lev, Ronen"]
[Result "1-0"]
[WhiteElo "2420"]
[BlackElo "2465"]
[Annotator "Har Zvi,R"]
[PlyCount "63"]
[EventDate "1996.08.??"]
[EventType "tourn"]
[EventRounds "9"]
[EventCountry "ISR"]
[EventCategory "8"]
[SourceTitle "CBM 055 Extra"]
[Source "ChessBase"]
[SourceDate "1997.01.01"]
[SourceVersion "1"]
[SourceVersionDate "1997.01.01"]
[SourceQuality "1"]

1. e4 c5 2. Nc3 Nc6 3. g3 g6 4. Bg2 Bg7 5. d3 Rb8 6. Be3 b5 (6... d6) (6... Qa5
7. Qd2 b5 8. Nge2 Nd4 (8... b4 9. Nd1 h5 10. h3 e6 11. O-O Nge7 12. f4 d5 $13 {
Guzman,E-Bouaziz,S Novi-Sad olm 1990}) 9. f4 b4 10. Nd1 Nxe2 11. Kxe2) 7. Qd2 (
7. a3 d6 8. Qd2 Nd4 9. Nd1 e5 10. h3 Ne7 11. Ne2 h5 12. Ndc3 Qa5 13. f3 Be6 $15
{Ptacnikova,L-Murrey,J Cappelle op 1994}) 7... b4 8. Nd1 d6 (8... Qb6) 9. Ne2 (
9. h3 e6 (9... e5 10. Nf3 Nd4 11. Nh4 Nf6 12. O-O Ba6 13. f4 $2 Nh5 $1 14. Kh2
exf4 15. Bxf4 Ne6 $17 {Mamatov,D-Tukmakov,V 1983}) 10. Ne2 Nd4 11. O-O Ne7 12.
Nxd4 cxd4 13. Bh6 O-O 14. Bxg7 Kxg7 15. f4 e5 16. b3 $13 {Smyslov,V-Geller,E
URS-ch19 Moscow 1951}) (9. Nf3 Bg4 (9... Nd4 10. Nh4 e5 11. f4 exf4 12. Bxf4
Ne7 13. O-O h6 14. Be3 g5 15. Nf3 Nxf3+ 16. Bxf3 Nc6 $13 {Smyslov,V-Portisch,L
Portoroj ct 1971}) 10. h3 Bxf3 11. Bxf3 Nf6 12. Bg2 O-O 13. O-O Re8 14. Bh6 Bh8
15. Ne3 Nd7 $13 {Smyslov,V-Fischer,R Zagreb 1970}) (9. f4 e6 (9... Qb6 10. Nf3
f5 $1 11. a3 (11. O-O $32) 11... a5 12. axb4 axb4 13. Rb1 $6 (13. O-O $5) 13...
Nf6 $15 {Yudasin,L-Kiselev,S Podolsk 53/150 [Kiselev,S ; Gagarin,V] 1991}) 10.
Nf3 Nd4 11. Nh4 Ne7 12. O-O f5 (12... O-O 13. c3 bxc3 14. bxc3 Nb5 15. a4 Nc7
16. d4 cxd4 17. Bxd4 $1 $14 {Romanishin,O-Kuczynski,R Polanica Zdroj 58/(187)
1993}) 13. c3 bxc3 14. bxc3 Ndc6 15. exf5 exf5 16. g4 O-O 17. gxf5 Bxf5 18.
Nxf5 Rxf5 $13 {Ljubojevic,L-Gelfand,B Linares 1992}) 9... e6 (9... Nd4) 10. O-O
Nd4 11. Nc1 Ne7 12. c3 Ndc6 13. Bh6 O-O 14. Bxg7 Kxg7 15. Ne3 bxc3 16. bxc3 Ba6
17. Re1 f5 $6 (17... d5 18. Ng4) 18. exf5 $1 gxf5 19. Ne2 e5 20. f4 $1 Qe8 (
20... Qb6) 21. Rab1 Qh5 $2 22. Rxb8 Rxb8 23. g4 $1 fxg4 (23... Qf7 24. Ng3) 24.
Ng3 Qf7 25. f5 Kh8 (25... h5 $4 26. f6+ $1 $18) 26. Nxg4 Rb6 27. Rf1 {all
white pieces are attacking on the king's side while almost all black pieces
are on the queen's side?!} Bc8 28. Qg5 Ng8 29. Nh5 Nce7 30. Be4 Bb7 31. f6 Bxe4
$2 (31... Ng6 32. Bxg6 hxg6 (32... Qxg6 33. Qxg6 hxg6 34. f7) 33. Ng7 $1 $18)
32. Qg7+ 1-0

[Event "ISR-ch"]
[Site "Jerusalem"]
[Date "1996.??.??"]
[Round "6"]
[White "Uritzky, Maxim"]
[Black "Tyomkin, Dimitri"]
[Result "1-0"]
[WhiteElo "2420"]
[BlackElo "2430"]
[Annotator "Hecht,H"]
[PlyCount "93"]
[EventDate "1996.10.26"]
[EventType "swiss"]
[EventRounds "9"]
[EventCountry "ISR"]
[SourceTitle "CBM 056"]
[Source "ChessBase"]
[SourceDate "1997.02.01"]
[SourceVersion "1"]
[SourceVersionDate "1997.02.01"]
[SourceQuality "1"]

1. e4 c5 2. Nc3 Nc6 3. g3 g6 4. Bg2 Bg7 5. d3 Rb8 6. Be3 d6 7. Qd2 b5 8. Nge2
b4 9. Nd1 e5 10. O-O Nge7 11. f4 exf4 12. Bxf4 O-O 13. Bh6 Nd4 14. Bxg7 Nxe2+
15. Qxe2 Kxg7 16. Ne3 f6 17. a3 b3 18. c3 Be6 19. Rad1 h5 20. Rd2 Qd7 21. Qd1
Nc6 22. d4 cxd4 23. cxd4 Bg4 24. Nxg4 hxg4 25. Rd3 Na5 26. Rc3 Rbc8 27. Qd3 Rc7
28. Rfc1 Rfc8 29. Bf1 Rxc3 30. Rxc3 Qb7 31. h4 Rxc3 32. Qxc3 {[#]_|_ starker B,
viele schwarze P-Schwächen} Nc6 33. Kf2 Qb6 34. Ke3 a5 35. Bc4 a4 36. Be6 f5
37. exf5 Kf6 38. Bd7 Ne7 39. Qc4 d5 40. Qc5 Qb8 41. Kf2 gxf5 42. Kg2 Kf7 43. h5
f4 44. Qc1 fxg3 45. Qh6 Ng8 46. Qe6+ Kf8 47. h6 1-0

[Event "YUG-ch"]
[Site "Tivat"]
[Date "1994.??.??"]
[Round "12"]
[White "Lazic, Miroljub"]
[Black "Velimirovic, Dragoljub"]
[Result "1/2-1/2"]
[WhiteElo "2505"]
[BlackElo "2490"]
[Annotator "Hecht,H"]
[PlyCount "106"]
[EventDate "1994.03.??"]
[EventType "tourn"]
[EventRounds "13"]
[EventCountry "YUG"]
[EventCategory "10"]
[SourceTitle "CBM 043"]
[Source "ChessBase"]
[SourceDate "1994.12.01"]
[SourceVersion "1"]
[SourceVersionDate "1994.12.01"]
[SourceQuality "1"]

1. g3 g6 2. Bg2 Bg7 3. e4 c5 4. d3 Nc6 5. Nc3 Rb8 6. Be3 b5 7. Qd2 b4 8. Nd1 d6
9. f4 e5 10. Nf3 exf4 11. Bxf4 Nge7 12. Bh6 O-O 13. O-O Bxh6 14. Qxh6 f6 15.
Ne3 Be6 16. Bh3 Qd7 17. Bxe6+ Qxe6 18. Rf2 Rf7 19. Raf1 Rbf8 20. Nc4 Nc8 21. b3
Nb6 22. Ne3 d5 23. exd5 Nxd5 24. Nc4 Nd4 25. Nxd4 cxd4 26. Qh4 Nc3 27. Nd2 g5
28. Qh6 Ne2+ 29. Kg2 Qd5+ 30. Ne4 Nc3 31. Rf5 Qa8 32. Re1 Re8 33. Kf3 Nxe4 34.
Rxe4 Rxe4 35. dxe4 Qc6 36. Rd5 Rf8 37. Rxd4 Qxc2 38. Rd7 g4+ 39. Kxg4 Qxe4+ 40.
Qf4 Qe2+ 41. Kh3 Qh5+ 42. Qh4 Qxh4+ 43. Kxh4 Rf7 44. Rxf7 Kxf7 {[#]} 45. Kh5
Kg7 46. Kg4 Kg6 47. Kf4 f5 (47... Kf7 48. Ke4 Ke6 49. Kd4 Kf5 50. Kc4 Kg4 51.
Kxb4 Kh3 52. Ka5 Kxh2 53. Ka6 Kxg3 54. Kxa7 f5 55. b4 $10) 48. g4 (48. Ke5 Kg5
49. h3 (49. h4+ Kg4 50. h5 Kxg3 51. Kxf5 (51. Kf6 f4 52. Kg7 f3 53. Kxh7 f2 54.
h6 f1=Q $19) 51... Kh4 $19) 49... h5 $19) 48... fxg4 49. Kxg4 Kf6 50. Kh5 Kf7
51. Kh6 Kg8 52. Kh5 Kg7 53. Kg5 Kf7 1/2-1/2

[Event "San Francisco"]
[Site "San Francisco"]
[Date "1995.??.??"]
[Round "5"]
[White "Ashley, Maurice"]
[Black "Nunn, John DM"]
[Result "0-1"]
[WhiteElo "2460"]
[BlackElo "2630"]
[Annotator "Horvath,Ta"]
[PlyCount "70"]
[EventDate "1995.??.??"]
[EventType "game"]
[EventCountry "ARG"]
[SourceTitle "CBM 046"]
[Source "ChessBase"]
[SourceDate "1995.06.01"]
[SourceVersion "1"]
[SourceVersionDate "1995.06.01"]
[SourceQuality "1"]

1. e4 c5 2. Nc3 Nc6 3. g3 g6 4. Bg2 Bg7 5. d3 d6 6. Be3 Rb8 7. Qd2 b5 8. Nge2 (
8. f4 b4 9. Nd1 e6 10. Nf3 Nd4 11. O-O Ne7 12. Nh4 f5 (12... O-O 13. c3 bxc3
14. bxc3 Nb5 15. a4 Nc7 16. d4 cxd4 17. Bxd4 Bxd4+ 18. cxd4 f5 $13 {
Romanishin-Kuczynsky/Polanica Zdroj/1993}) 13. c3 bxc3 14. bxc3 Ndc6 15. exf5
exf5 16. g4 O-O 17. gxf5 Bxf5 $13 {Ljubojevic-Gelfand/Linares/1992}) 8... b4 9.
Nd1 Nd4 10. O-O e6 11. f4 (11. Nc1 $5 Ne7 12. a3 a5 13. axb4 axb4 14. c3 bxc3
15. bxc3 Ndc6 $10 {Balasov-Pigusov/UdSSR/1988}) 11... Ne7 12. g4 f5 13. gxf5
Nxe2+ 14. Qxe2 exf5 15. a3 (15. e5 O-O 16. d4 (16. exd6 Qxd6 17. Qf2 Bd4 $17)
16... cxd4 17. Bxd4 Bb7 $15) 15... b3 16. c3 O-O 17. Re1 g5 18. Nf2 (18. fxg5
f4 19. Bf2 Ng6 20. h4 Ne5 21. Bf3 $8 Qd7 $1 22. d4 Ba6 $1 $19) 18... gxf4 19.
Bxf4 Ng6 $17 20. Bd2 Qh4 21. d4 cxd4 22. cxd4 fxe4 23. Bxe4 Bb7 24. Bxb7 Rxb7
25. Be3 Re7 $19 26. Qd2 Rf3 27. Rac1 Rfxe3 28. Rxe3 Qg5+ 29. Ng4 Qxg4+ 30. Rg3
Bxd4+ 31. Kh1 Qe4+ 32. Rg2 Be3 33. Rc8+ Kf7 34. Qd1 Nf4 35. Qxb3+ d5 0-1

[Event "Munich SKA"]
[Site "Munich"]
[Date "1993.??.??"]
[Round "4"]
[White "Hjartarson, Johann"]
[Black "Shirov, Alexei"]
[Result "1/2-1/2"]
[WhiteElo "2625"]
[BlackElo "2670"]
[Annotator "Horvath,Ta"]
[PlyCount "89"]
[EventDate "1993.05.??"]
[EventType "tourn"]
[EventRounds "11"]
[EventCountry "GER"]
[EventCategory "16"]
[SourceTitle "CBM 036"]
[Source "ChessBase"]
[SourceDate "1993.10.01"]
[SourceVersion "1"]
[SourceVersionDate "1993.10.01"]
[SourceQuality "1"]

1. e4 c5 2. Nc3 Nc6 3. g3 g6 4. Bg2 Bg7 5. d3 e6 (5... d6 6. Nh3 e6 7. O-O Nge7
8. Be3 b6 9. Qd2 h6 10. Rae1 Bb7 11. f4 f5 12. e5 $2 dxe5 13. fxe5 g5 14. Nb5
Bxe5 15. Bf2 Ng6 $17 {Romanishin-Petursson,M/Malmo/1993}) 6. Be3 d6 7. Qd2 Nge7
8. h4 $6 (8. Bh6 Bxh6 9. Qxh6 Nd4 10. O-O-O Nec6 $13 {Ljubojevic-Quinteros/Inf.
31/203}) 8... h5 $1 9. Nh3 Rb8 10. O-O b5 11. Rae1 b4 12. Nd1 Qa5 (12... Ne5 $5
) 13. f4 Qxa2 14. f5 Be5 15. fxg6 Nxg6 16. Qf2 Rb7 17. Nf4 (17. Ng5 Nd4 18. Kh1
Re7 {/\Bb7}) 17... Nd4 18. Kh1 Bg7 19. Nxg6 fxg6 20. e5 Rf8 21. Qd2 Rxf1+ 22.
Rxf1 Nf5 (22... Bxe5 $2 23. Bxd4 cxd4 24. Qh6 $16) 23. Bc6+ Rd7 24. exd6 Bb7 (
24... Nxg3+ 25. Kg1 Nxf1 26. Kxf1 Bb7 27. Qg2 Bxc6 28. Qxc6 Qd5 29. Qc8+ Rd8
30. Qc7 Qf5+ 31. Ke1 Qf7 32. Qxc5 $13) 25. Qg2 Bxc6 26. Qxc6 Qd5+ 27. Qxd5 exd5
28. Re1 Nxg3+ (28... Nxe3 $1 29. Nxe3 Kd8 $1 30. Nxd5 Rxd6 31. Ne3 Bxb2 32. Nc4
Bc3 33. Rf1 Rf6 $17) 29. Kg2 Nf5 30. Bxc5+ Kf7 31. Ne3 Nxd6 32. Bxb4 Bxb2 33.
Nxd5 Nf5 34. Ne3 Nxh4+ 35. Kh3 g5 36. Nc4 Bf6 37. Ne5+ Bxe5 38. Rxe5 Nf3 39.
Ra5 Kg6 40. Bc5 Ne1 41. Be3 g4+ 42. Kg3 Nxc2 43. Ra6+ Kg7 44. Bxa7 Ne1 45. Ra5
1/2-1/2

[Event "USA-ch"]
[Site "Saint Louis"]
[Date "2012.05.18"]
[Round "10"]
[White "Stripunsky, Alexander"]
[Black "Ramirez Alvarez, Alejandro"]
[Result "0-1"]
[WhiteElo "2562"]
[BlackElo "2593"]
[Annotator "Let's Check"]
[PlyCount "86"]
[EventDate "2012.05.08"]
[EventType "tourn"]
[EventRounds "11"]
[EventCountry "USA"]
[EventCategory "16"]
[SourceTitle "CBM 149"]
[Source "ChessBase"]
[SourceDate "2012.07.17"]
[SourceVersion "1"]
[SourceVersionDate "2012.07.17"]
[SourceQuality "1"]

1. e4 c5 2. Nc3 Nc6 3. Nge2 Nf6 4. g3 g6 5. Bg2 Bg7 6. d3 d6 7. h3 Rb8 8. Be3
b5 9. Qd2 b4 10. Nd1 O-O 11. O-O Qc7 12. Kh2 Ba6 13. f4 Rfd8 14. Bg1 Nd7 15.
Rb1 Nb6 16. Ne3 c4 17. b3 c3 18. Qc1 e6 19. f5 exf5 20. exf5 Bb7 21. f6 Bf8 22.
d4 Ba6 23. Qd1 d5 24. Re1 Rd6 25. Nf4 Qd8 26. Ng4 h5 27. Nxh5 $2 (27. Ne5 Qxf6
28. Nxc6 $15) 27... gxh5 $19 28. Re5 Rxf6 29. Nxf6+ Qxf6 30. Rxh5 Bg7 31. Rh4
Re8 32. Rf4 Qe6 33. Qf3 Ne7 $6 (33... Qe2 34. Qf2 Qd2 $19) 34. Bf1 Bc8 35. Qd3
Ng6 36. Rf3 Bh6 37. Qb5 Bd2 38. Qxb4 Kg7 39. Bf2 $2 (39. Kh1 Qe4 40. Bg2 $19)
39... Qe4 $1 $19 40. Bg2 Qxc2 41. Rf1 Ba6 42. Qa5 (42. Qd6 Re6 43. Qc7 $19)
42... Bxf1 $19 43. Bxf1 Qd1 0-1